[Event "BL2-Sued 1920"]
[Site "Germany"]
[Date "2020.02.08"]
[Round "7.8"]
[White "Lodici, Lorenzo"]
[Black "Bajorski, Marius"]
[Result "1-0"]
[WhiteElo "2469"]
[BlackElo "1994"]
[PlyCount "43"]
[EventDate "2019.10.19"]
[EventType "team-tourn"]
[EventRounds "11"]
[EventCountry "GER"]
[SourceTitle "CBM 194 Extra"]
[Source "ChessBase"]
[SourceDate "2020.03.31"]
[SourceVersion "1"]
[SourceVersionDate "2020.03.31"]
[SourceQuality "1"]
[WhiteTeam "Emmendingen"]
[BlackTeam "Hofheim"]
[WhiteTeamCountry "GER"]
[BlackTeamCountry "GER"]

1. d4 e6 2. c4 b6 3. e4 Bb7 4. Bd3 Nc6 5. Ne2 Nb4 6. Nbc3 Nxd3+ 7. Qxd3 d6 8. d5 Qd7 9. h4 g6 10. h5 Bg7 11. Be3 Ne7 12. 0-0-0 0-0-0 13. f3 exd5 14. cxd5 f5 15. Nf4 fxe4 16. fxe4 Bxc3 17. Qxc3 Qa4 18. Ne6 c5 19. dxc6 Nxc6 20. hxg6 Qxe4 21. Nxd8 Rxd8 22. gxh7 1-0

[Event "Bundesliga 1819"]
[Site "Germany"]
[Date "2019.02.03"]
[Round "8.8"]
[White "Shirov, Alexei"]
[Black "Bajorski, Marius"]
[Result "1-0"]
[WhiteElo "2639"]
[BlackElo "2017"]
[PlyCount "61"]
[EventDate "2018.11.10"]
[EventType "team-tourn"]
[EventRounds "15"]
[EventCountry "GER"]
[SourceTitle "CBM 188 Extra"]
[Source "ChessBase"]
[SourceDate "2019.02.26"]
[SourceVersion "1"]
[SourceVersionDate "2019.02.26"]
[SourceQuality "1"]
[WhiteTeam "Baden-Baden"]
[BlackTeam "Hofheim"]
[WhiteTeamCountry "GER"]
[BlackTeamCountry "GER"]

1. d4 Nf6 2. c4 e6 3. Nf3 d5 4. g3 c6 5. Bg2 Be7 6. 0-0 0-0 7. Nc3 b6 8. Ne5 Bb7 9. e4 Nbd7 10. Nxc6 Bxc6 11. exd5 Bb7 12. d6 Bxg2 13. dxe7 Qxe7 14. Kxg2 Rfd8 15. Qf3 Rac8 16. b3 Ne8 17. d5 e5 18. Ne4 h6 19. Re1 b5 20. c5 a5 21. Be3 Ndf6 22. d6 Qe6 23. Nxf6+ Nxf6 24. Rac1 e4 25. Qe2 b4 26. Bd4 Qd5 27. Bxf6 gxf6 28. Qg4+ Kf8 29. Qxe4 Rxc5 30. Rxc5 Qxc5 31. Qe7+ 1-0

[Event "Rhein Main op-A 21st"]
[Site "Bad Homburg"]
[Date "2018.06.01"]
[Round "4"]
[White "Bajorski, Marius"]
[Black "Stork, Oliver"]
[Result "0-1"]
[WhiteElo "2008"]
[BlackElo "2157"]
[PlyCount "54"]
[EventDate "2018.05.30"]
[EventType "swiss"]
[EventRounds "7"]
[EventCountry "GER"]
[SourceTitle "EXT 2019"]
[Source "ChessBase"]
[SourceDate "2018.10.10"]
[SourceVersion "1"]
[SourceVersionDate "2018.10.10"]
[SourceQuality "1"]

1. e4 c6 2. d4 d5 3. f3 dxe4 4. fxe4 e5 5. Nf3 Bg4 6. Bc4 Nd7 7. 0-0 Ngf6 8. c3 Bd6 9. Qb3 0-0 10. Qxb7 exd4 11. cxd4 Nxe4 12. Qxc6 Bxf3 13. Rxf3 Qh4 14. g3 Qg4 15. Rxf7 Kh8 16. Nc3 Nxg3 17. hxg3 Qxd4+ 18. Kg2 Ne5 19. Qd5 Qxc4 20. Rxf8+ Rxf8 21. Be3 Qb4 22. Qb5 Qg4 23. Rf1 Nf3 24. Bf2 Nh4+ 25. Kh2 Rxf2+ 26. Rxf2 Qxg3+ 27. Kh1 Qxf2 0-1

[Event "Heusenstamm Sparkassen op-A 4th"]
[Site "Heusenstamm"]
[Date "2017.11.24"]
[Round "2"]
[White "Schmidt, Max"]
[Black "Bajorski, Marius"]
[Result "1/2-1/2"]
[WhiteElo "1992"]
[BlackElo "1843"]
[PlyCount "77"]
[EventDate "2017.11.23"]
[EventType "swiss"]
[EventRounds "7"]
[EventCountry "GER"]
[SourceTitle "EXT 2019"]
[Source "ChessBase"]
[SourceDate "2018.10.10"]
[SourceVersion "1"]
[SourceVersionDate "2018.10.10"]
[SourceQuality "1"]

1. e4 e6 2. d4 d5 3. Nc3 dxe4 4. Nxe4 Bd7 5. Nf3 Bc6 6. Bd3 Nd7 7. 0-0 Ngf6 8. Ng3 Bxf3 9. Qxf3 c6 10. b3 Be7 11. Bb2 0-0 12. c4 Qa5 13. a3 Rad8 14. Rfe1 Rfe8 15. Bc2 Qc7 16. Ne4 Nxe4 17. Rxe4 Bf6 18. Rd1 Nf8 19. h4 Rd7 20. h5 Red8 21. Rg4 Kh8 22. h6 Ng6 23. hxg7+ Bxg7 24. Re4 Qa5 25. g3 Qf5 26. Qe2 Qh3 27. Qe3 c5 28. Bc3 cxd4 29. Bxd4 e5 30. Qe2 Rxd4 31. Rdxd4 Rxd4 32. Rxd4 exd4 33. Bxg6 hxg6 34. Qe8+ Kh7 35. Qxf7 Qg4 36. Qxb7 d3 37. Qh1+ Bh6 38. Qb7+ Bg7 39. Qh1+ 1/2-1/2

[Event "Heusenstamm Sparkassen op-A 4th"]
[Site "Heusenstamm"]
[Date "2017.11.23"]
[Round "1"]
[White "Bajorski, Marius"]
[Black "Bethke, Richard"]
[Result "0-1"]
[WhiteElo "1843"]
[BlackElo "2134"]
[PlyCount "116"]
[EventDate "2017.11.23"]
[EventType "swiss"]
[EventRounds "7"]
[EventCountry "GER"]
[SourceTitle "EXT 2019"]
[Source "ChessBase"]
[SourceDate "2018.10.10"]
[SourceVersion "1"]
[SourceVersionDate "2018.10.10"]
[SourceQuality "1"]

1. d4 Nf6 2. Nc3 d5 3. Bf4 Bf5 4. f3 h5 5. e3 e6 6. Bd3 Bd6 7. Nge2 Qe7 8. Qd2 Nbd7 9. 0-0-0 0-0-0 10. Rhe1 Bxd3 11. Qxd3 Rhe8 12. Bg3 Bxg3 13. Nxg3 h4 14. Nge2 e5 15. Qb5 a6 16. Qa5 Nb6 17. b3 e4 18. Nf4 g5 19. Nh3 g4 20. fxg4 Nxg4 21. Nf4 Qg5 22. g3 hxg3 23. hxg3 Nf2 24. Rd2 Qxg3 25. Ree2 Ng4 26. Ncxd5 Nxd5 27. Nxd5 Qd6 28. c4 Kb8 29. Nb4 Qe6 30. c5 Nf6 31. c6 Nd5 32. cxb7 Kxb7 33. Rc2 Qb6 34. Qxb6+ cxb6 35. Nxd5 Rxd5 36. Rf2 f5 37. Kb2 Rg8 38. Rg2 Rg4 39. Rxg4 fxg4 40. Rg2 Rg5 41. Kc3 Kc6 42. Kd2 g3 43. Ke1 Kb5 44. Kd1 Kb4 45. Kc2 Rf5 46. a3+ Kxa3 47. Rxg3 Rf2+ 48. Kc3 b5 49. d5 b4+ 50. Kd4 Kxb3 51. Rg5 a5 52. d6 a4 53. Rd5 a3 54. d7 a2 55. d8Q a1Q+ 56. Kxe4 Qh1+ 57. Ke5 Qh5+ 58. Kd6 Qxd5+ 0-1